LEADER 01365nam a2200289 a 4500 001 000000175088 003 CaOOAMICUS 005 20220330112017.0 008 220330s2021 it m 100 u eng r 032 $aLibriCat 040 $aPUL$bita 100 1 $aOluwafemi Awotoye, Francis.$0(OLS)http://pul/name/112576 245 14$aThe canonical question of ecclesiastical funeral of manifest sinners /$cFrancis Oluwafemi Awotoye. 260 $aVenezia :$b[s.n.],$c2021. 300 $a180 p. ;$c24 cm 490 1 $aFacoltą di diritto canonico San Pio X. Tesi-Diritto Canonico ;$v1511 502 $aTesi di dottorato. Facoltą di Diritto Canonico San Pio X di Venezia, 2021. 504 $aBibliografia : p. [157]-173. 650 4$aSepoltura (diritto canonico).$0(OLS)http://pul/subject/28100 710 2 $aFacoltą di Diritto canonico San Pio X di Venezia.$kTesi.$0(OLS)http://pul/name/108958 830 0$aTesi - Diritto canonico (Facoltą di diritto canonico San Pio X, Venezia) ;$v1511.$0(OLS)http://pul/title/188497 850 $aPUL 852 $aPUL$W1$xDP1 Tesi Varie$y51$m2021 C 8$j198813$qTesi$B204063$CPULBib$Z2$F204063 $82 941 1 $a16 996 $6245$aThe canonical question of ecclesiastical funeral of manifest sinners$9(OLS)http://pul/title/216497 996 $6260$aVenezia :$b[s.n.]$9(OLS)http://pul/publisher/48875 LEADER 01132nam a2200301 a 4500 001 000000125692 003 CaOOAMICUS 005 20110615124903.0 008 110615s2010 it u000 u ita r 020 $a978-88-6030-369-1 040 $aPUL$bita 082 04$a172 100 1 $aDe Monticelli, Roberta,$d1952-$0(OLS)http://pul/name/52655 245 13$aLa questione morale /$cRoberta De Monticelli. 260 $aMilano :$bRaffaello Cortina,$c©2010. 300 $a186 p. ;$c21 cm 490 1 $aI fili 504 $aBibliografia in nota. 650 4$aPolitica e morale.$0(OLS)http://pul/subject/4796 830 2$aI Fili (Cortina).$0(OLS)http://pul/title/158514 850 $aPUL 852 $aPUL$W1$xSL Filosofia 3$y81$m172 DEMRO 1$j144790$qDDC 21$B143803$CPULBib$Z2$F143803 $H116859 $82 941 1 $a9 996 $6020$a978-88-6030-369-1$9(OLS)http://pul/number/147483 996 $6082$a172$9(OLS)http://pul/classification/659 996 $6245$aLa questione morale$9(OLS)http://pul/title/158513 996 $6260$aMilano :$bRaffaello Cortina$9(OLS)http://pul/publisher/63509